000 00424nam a2200181Ia 4500
001 4828
005 20260306145823.0
008 260306t2002||||xx |||||||||||||| ||spa||
041 _aESP
082 _a330.9
_bM86I
100 _aMorón Pastor, Eduardo
_eAUT
245 0 _aIndicadores líderes para la economía peruana
260 _c2002
300 _a
_c
650 _aGEN
654 _aCAN
942 _cLIB
_dJUS
_fJUS
_2ddc
_n
999 _c4828
_d4828